[Event "Chigorin Memorial 2008"]
[Site "St. Petersburg RUS"]
[Date "2008.10.08"]
[Round "6.45"]
[White "Senkevich, Konstantin"]
[Black "Kaganskiy, Gleb"]
[Result "0-1"]
[WhiteElo "2118"]
[BlackElo "2330"]
[PlyCount "108"]
[EventDate "2008.10.03"]
[EventType "swiss"]
[EventRounds "9"]
[EventCountry "RUS"]
[Source "lmi"]
[SourceDate "2008.10.03"]

1. e4 c5 2. Nf3 Nc6 3. g3 d6 4. Bg2 g6 5. O-O Bg7 6. c3 d5 7. exd5 Qxd5 8. Nd4
Qd6 9. Nxc6 bxc6 10. Qa4 Bd7 11. Na3 Nf6 12. Nc4 Qc7 13. b3 Rb8 14. Qa5 Qxa5
15. Nxa5 Nd5 16. Ba3 Rb5 17. Nc4 Nb6 18. Ne3 O-O 19. Rfe1 Rc8 20. Bb2 Be6 21.
Nc2 Nc4 22. Bc1 Ne5 23. Re3 Bf5 24. Na3 Rb7 25. Bf1 Rd7 26. Nc4 Nxc4 27. Bxc4
e6 28. Ba3 Bh6 29. Re5 Bxd2 30. Rd1 Bc2 31. Rf1 Bxc3 32. Rxc5 Bd4 33. Bxe6 fxe6
34. Rxc2 c5 35. Rfc1 Rdc7 36. Rc4 e5 37. b4 Rf8 38. R1c2 Rf3 39. Bb2 Rb7 40.
Bxd4 cxd4 41. Rc8+ Kg7 42. Re8 Rf5 43. Kg2 Kf7 44. Rec8 Rxb4 45. R8c7+ Ke6 46.
Rxa7 d3 47. Rd2 e4 48. Rxh7 Rc5 49. Rh6 Kf6 50. Rh4 g5 51. Rh6+ Ke5 52. h4 Rb1
53. hxg5 Rc2 54. g6 Kf6 0-1

[Event "Chigorin Memorial 2008"]
[Site "St. Petersburg RUS"]
[Date "2008.10.08"]
[Round "6.46"]
[White "Pakhomov, Egor"]
[Black "Zykova, Antonina"]
[Result "1-0"]
[WhiteElo "2220"]
[BlackElo "2092"]
[PlyCount "111"]
[EventDate "2008.10.03"]
[EventType "swiss"]
[EventRounds "9"]
[EventCountry "RUS"]
[Source "lmi"]
[SourceDate "2008.10.03"]

1. d4 Nf6 2. Nf3 d5 3. e3 c5 4. c3 e6 5. Bd3 Nbd7 6. O-O Bd6 7. Nbd2 O-O 8. e4
dxe4 9. Nxe4 Nxe4 10. Bxe4 cxd4 11. Qxd4 Qb6 12. Qxb6 Nxb6 13. Rd1 Bc7 14. Be3
e5 15. Bc5 Re8 16. h3 f5 17. Bc2 Kh8 18. Ng5 h6 19. Nf7+ Kh7 20. Bd6 Bxd6 21.
Nxd6 Rf8 22. b3 Rb8 23. c4 Be6 24. c5 Nc8 25. b4 e4 26. Bb3 Bxb3 27. axb3 a6
28. Nxc8 Rfxc8 29. Rd5 Rf8 30. Rd7 Rf6 31. Re7 Rc6 32. Kh2 Kg6 33. Kg3 Kf6 34.
Rd7 Re6 35. Ra5 e3 36. fxe3 Rxe3+ 37. Kf2 Rxb3 38. Rd6+ Ke7 39. Rb6 Rc3 40. Ra2
Rc4 41. Re2+ Kf7 42. Re5 g6 43. Rd5 Ke7 44. Rdd6 a5 45. Re6+ Kf7 46. Rf6+ Ke7
47. Rxg6 axb4 48. Rxh6 Rxc5 49. Rh7+ Kd8 50. Rg6 Re5 51. Rg8+ Re8 52. Rxe8+
Kxe8 53. Rh8+ Kd7 54. Rxb8 Kc6 55. Ke3 b5 56. Kd4 1-0

[Event "Chigorin Memorial 2008"]
[Site "St. Petersburg RUS"]
[Date "2008.10.08"]
[Round "6.47"]
[White "Balaian, Alina"]
[Black "Timofeev, Andrei"]
[Result "0-1"]
[WhiteElo "1934"]
[BlackElo "2205"]
[PlyCount "92"]
[EventDate "2008.10.03"]
[EventType "swiss"]
[EventRounds "9"]
[EventCountry "RUS"]
[Source "lmi"]
[SourceDate "2008.10.03"]

1. e4 c6 2. d4 d5 3. f3 dxe4 4. fxe4 e5 5. Nf3 Bg4 6. Bc4 Nf6 7. Bxf7+ Ke7 8.
c3 Bxf3 9. Qxf3 Kxf7 10. dxe5 Nbd7 11. exf6 Qxf6 12. Bf4 Kg8 13. Rf1 Re8 14.
Nd2 Qe6 15. b3 a5 16. Be3 h6 17. Qf5 Bd6 18. O-O-O Nf6 19. Bd4 Qxf5 20. Rxf5
Nxe4 21. Nc4 Bxh2 22. Rxa5 Bf4+ 23. Kb2 b5 24. Ra7 Rh7 25. Be5 bxc4 26. Bxf4 g5
27. Rxh7 Kxh7 28. Bc7 cxb3 29. axb3 Kg6 30. g4 Re7 31. Bb8 Rb7 32. Be5 Re7 33.
Bb8 Rb7 34. Be5 Nf2 35. Rd6+ Kh7 36. Rxc6 Nd3+ 37. Kc2 Nxe5 38. Re6 Nxg4 39. c4
h5 40. c5 h4 41. c6 Rb5 42. Re4 Rc5+ 43. Kd2 h3 44. Rc4 Rxc4 45. bxc4 Nf6 46.
Ke3 Ne8 0-1

[Event "Chigorin Memorial 2008"]
[Site "St. Petersburg RUS"]
[Date "2008.10.08"]
[Round "6.49"]
[White "Fedoseev, Sergey"]
[Black "Dushin, Nikolay"]
[Result "1/2-1/2"]
[WhiteElo "2193"]
[BlackElo "2026"]
[PlyCount "97"]
[EventDate "2008.10.03"]
[EventType "swiss"]
[EventRounds "9"]
[EventCountry "RUS"]
[Source "lmi"]
[SourceDate "2008.10.03"]

1. d4 d5 2. Bg5 Bf5 3. Nf3 h6 4. Bh4 c6 5. e3 Qb6 6. Qc1 e6 7. Be2 Be7 8. Bg3
Nf6 9. h3 Ne4 10. Bh2 Nd7 11. O-O c5 12. c4 Rc8 13. dxc5 Qxc5 14. Nd4 O-O 15.
Nxf5 exf5 16. Nd2 Nb6 17. Nxe4 fxe4 18. cxd5 Qxd5 19. Qd1 Bf6 20. Qxd5 Nxd5 21.
Bg4 Rc2 22. Rad1 Nb6 23. Bd6 Rd8 24. Bf5 Rxb2 25. Bc7 Re8 26. a4 g6 27. a5 gxf5
28. axb6 axb6 29. Rd6 Re6 30. Rd5 Rc6 31. Rxf5 Kg7 32. Be5 Bxe5 33. Rxe5 Rc4
34. Rd1 b5 35. Rd7 Rc1+ 36. Kh2 Rxf2 37. Rxe4 h5 38. Kg3 Rcc2 39. Rxb7 Rxg2+
40. Kh4 Rgf2 41. Rf4 Rxf4+ 42. exf4 Rb2 43. Kg5 b4 44. f5 Rg2+ 45. Kxh5 Kf6 46.
Rxb4 Kxf5 47. Rc4 f6 48. Kh6 Rg6+ 49. Kh7 1/2-1/2

[Event "Chigorin Memorial 2008"]
[Site "St. Petersburg RUS"]
[Date "2008.10.08"]
[Round "6.50"]
[White "Denisov, Ivan"]
[Black "Kluchik, Julia"]
[Result "1-0"]
[WhiteElo "2189"]
[BlackElo "1951"]
[PlyCount "79"]
[EventDate "2008.10.03"]
[EventType "swiss"]
[EventRounds "9"]
[EventCountry "RUS"]
[Source "lmi"]
[SourceDate "2008.10.03"]

1. e4 c5 2. Nf3 Nc6 3. d4 cxd4 4. Nxd4 Nf6 5. Nc3 e5 6. Ndb5 d6 7. Bg5 a6 8.
Na3 b5 9. Nd5 Be7 10. Bxf6 Bxf6 11. c3 O-O 12. Nc2 Bg5 13. h4 Bh6 14. g4 f6 15.
Qf3 Ne7 16. Nxe7+ Qxe7 17. Nb4 Be6 18. Rd1 a5 19. Nd5 Qb7 20. Be2 b4 21. O-O
Rac8 22. cxb4 Bxd5 23. Rxd5 Qxb4 24. b3 Bf4 25. Bc4 Kh8 26. a4 Rc5 27. Rd3 Rfc8
28. Rfd1 R5c6 29. Qh3 Qb7 30. Bd5 Qb8 31. Bxc6 Rxc6 32. Rc3 Qc7 33. Rxc6 Qxc6
34. Qd3 Qd7 35. f3 Bg3 36. Kg2 Bxh4 37. Qxd6 Qxd6 38. Rxd6 Kg8 39. Kf1 Bg5 40.
Rd5 1-0

[Event "Chigorin Memorial 2008"]
[Site "St. Petersburg RUS"]
[Date "2008.10.08"]
[Round "6.51"]
[White "Nuretdinov, Igor"]
[Black "Grechishkin, Vitaly"]
[Result "1-0"]
[WhiteElo "2174"]
[BlackElo "1861"]
[PlyCount "75"]
[EventDate "2008.10.03"]
[EventType "swiss"]
[EventRounds "9"]
[EventCountry "RUS"]
[Source "lmi"]
[SourceDate "2008.10.03"]

1. d4 d5 2. c4 e6 3. Nf3 Nf6 4. Bg5 Be7 5. e3 c6 6. Nc3 b6 7. Bxf6 Bxf6 8. Bd3
Nd7 9. cxd5 exd5 10. O-O O-O 11. Qc2 Re8 12. b4 Nf8 13. Rab1 Bg4 14. Nd2 Qd7
15. Rfc1 b5 16. a4 a6 17. h3 Bh5 18. Ne2 Bxe2 19. Bxe2 Rac8 20. Bg4 Ne6 21. Nb3
Qd6 22. Nc5 h5 23. Bxe6 fxe6 24. Nxa6 e5 25. dxe5 Bxe5 26. axb5 cxb5 27. Qxc8
Rxc8 28. Rxc8+ Kh7 29. Nc5 Qg6 30. Rf1 Bc3 31. Nd7 Bxb4 32. Nf8+ Bxf8 33. Rxf8
Qd6 34. Rf4 b4 35. Rb1 g5 36. Rfxb4 Qe5 37. Rb7+ Kg6 38. g4 1-0

[Event "Chigorin Memorial 2008"]
[Site "St. Petersburg RUS"]
[Date "2008.10.08"]
[Round "6.52"]
[White "Minina, Veronika"]
[Black "Fedoseeva, Valentina"]
[Result "1-0"]
[WhiteElo "2153"]
[BlackElo "1756"]
[PlyCount "45"]
[EventDate "2008.10.03"]
[EventType "swiss"]
[EventRounds "9"]
[EventCountry "RUS"]
[Source "lmi"]
[SourceDate "2008.10.03"]

1. Nf3 Nf6 2. g3 g6 3. Bg2 Bg7 4. O-O O-O 5. c4 d6 6. d4 Bf5 7. Nc3 Qd7 8. Re1
c5 9. dxc5 dxc5 10. Ne5 Qc7 11. Bf4 Nh5 12. Nxg6 Nxf4 13. Nb5 Qb6 14. Nxe7+ Kh8
15. Nxf5 Nxg2 16. Kxg2 Qc6+ 17. e4 Bxb2 18. Rb1 Bf6 19. Nbd6 b6 20. Qh5 Qc7 21.
e5 Bg7 22. Re4 f6 23. Rh4 1-0

[Event "Chigorin Memorial 2008"]
[Site "St. Petersburg RUS"]
[Date "2008.10.08"]
[Round "6.53"]
[White "Efremova, Daria"]
[Black "Donskov, Anatoly"]
[Result "0-1"]
[WhiteElo "1933"]
[BlackElo "2131"]
[PlyCount "94"]
[EventDate "2008.10.03"]
[EventType "swiss"]
[EventRounds "9"]
[EventCountry "RUS"]
[Source "lmi"]
[SourceDate "2008.10.03"]

1. e4 e6 2. d3 d5 3. Nd2 c5 4. Ngf3 Nc6 5. g3 g6 6. Bg2 Bg7 7. O-O Nge7 8. h3
b6 9. Nh2 Bb7 10. c3 Qc7 11. exd5 exd5 12. Ndf3 O-O 13. Bf4 Qd7 14. Ng4 Nf5 15.
Qd2 h5 16. Nh6+ Nxh6 17. Bxh6 d4 18. c4 Ne7 19. Bxg7 Kxg7 20. b4 Rae8 21. bxc5
bxc5 22. Rab1 Bxf3 23. Bxf3 Qxh3 24. Qf4 Ng8 25. Rb7 a6 26. Bg2 Qe6 27. Rfb1
Qe2 28. Bd5 Nf6 29. R1b6 Nxd5 30. cxd5 Qe5 31. Qxe5+ Rxe5 32. Rxa6 Rxd5 33. Rc7
Rb8 34. Ra5 Rb1+ 35. Kg2 Rd1 36. Raxc5 Rd8 37. Ra5 Rxd3 38. Raa7 Rf8 39. a4 Ra3
40. Rd7 d3 41. a5 Kf6 42. a6 Ke5 43. Kf3 Re8 44. Rab7 Rxa6 45. Rxd3 Kf6 46.
Rdd7 Ra3+ 47. Kf4 g5# 0-1

[Event "Chigorin Memorial 2008"]
[Site "St. Petersburg RUS"]
[Date "2008.10.08"]
[Round "6.55"]
[White "Fokin, Anatoly"]
[Black "Kuzmin, Yuriy"]
[Result "0-1"]
[WhiteElo "1919"]
[BlackElo "2122"]
[PlyCount "96"]
[EventDate "2008.10.03"]
[EventType "swiss"]
[EventRounds "9"]
[EventCountry "RUS"]
[Source "lmi"]
[SourceDate "2008.10.03"]

1. d4 Nf6 2. c4 e6 3. Nc3 c5 4. e3 Be7 5. Nf3 O-O 6. d5 d6 7. e4 a6 8. Bd3 Nbd7
9. O-O exd5 10. exd5 b5 11. cxb5 Nb6 12. bxa6 Bxa6 13. Bxa6 Rxa6 14. Re1 Ra7
15. b3 Qa8 16. Bg5 h6 17. Bh4 Rd8 18. Re2 Nfxd5 19. Nxd5 Nxd5 20. Rd2 Nf6 21.
Qc2 g5 22. Bg3 Ne4 23. Re2 Nxg3 24. hxg3 Bf6 25. Rae1 Qc6 26. b4 c4 27. Qf5 Kg7
28. b5 Qb6 29. Rb1 Ra5 30. Qd5 c3 31. Qb3 Rc8 32. Ne1 Rc5 33. a4 d5 34. Nd3 Rc4
35. Nb4 Qc5 36. Kh2 Ra8 37. Na6 Qc8 38. Rd1 Qb7 39. Nb4 Rac8 40. Nd3 c2 41. Rc1
Rc3 42. Qb4 Rxd3 43. Rexc2 Rxc2 44. Rxc2 Rd4 45. Qb3 Qa7 46. Ra2 Qa5 47. Qc2
Be5 48. Qb3 Rh4+ 0-1

[Event "Chigorin Memorial 2008"]
[Site "St. Petersburg RUS"]
[Date "2008.10.09"]
[Round "6.57"]
[White "Kuzevanova, Evgenia"]
[Black "Zakharov, Yuri"]
[Result "1-0"]
[WhiteElo "2179"]
[BlackElo "2056"]
[PlyCount "69"]
[EventDate "2008.10.03"]
[EventType "swiss"]
[EventRounds "9"]
[EventCountry "RUS"]
[Source "lmi"]
[SourceDate "2008.10.03"]

1. e4 d6 2. d4 Nf6 3. Nc3 g6 4. Nf3 Bg7 5. Be3 c6 6. Bd3 Nbd7 7. Qd2 e5 8. Bh6
O-O 9. Bxg7 Kxg7 10. O-O-O Qe7 11. h4 Nh5 12. g4 Nf4 13. Ne2 Nxe2+ 14. Bxe2 h6
15. dxe5 dxe5 16. Qc3 Re8 17. Nd2 Qc5 18. Qg3 b5 19. Nf1 Qf8 20. Ne3 Kh7 21.
Rhg1 Nc5 22. g5 h5 23. Bxh5 Nxe4 24. Qg2 Nxf2 25. Qxf2 gxh5 26. Qf3 Qg7 27.
Qxh5+ Kg8 28. Qf3 e4 29. Qf4 Be6 30. h5 Rad8 31. Rxd8 Rxd8 32. g6 f5 33. h6 Qf6
34. Qc7 Rd7 35. Qxc6 1-0

[Event "Chigorin Memorial 2008"]
[Site "St. Petersburg RUS"]
[Date "2008.10.08"]
[Round "6.58"]
[White "Palchun, Grigory"]
[Black "De Luna Butz, Albert"]
[Result "1-0"]
[WhiteElo "2129"]
[BlackElo "1830"]
[PlyCount "113"]
[EventDate "2008.10.03"]
[EventType "swiss"]
[EventRounds "9"]
[EventCountry "RUS"]
[Source "lmi"]
[SourceDate "2008.10.03"]

1. d4 d5 2. Nf3 Nf6 3. Bf4 c5 4. e3 Qb6 5. Nc3 Bd7 6. Rb1 e6 7. a3 cxd4 8. exd4
Nc6 9. Nb5 Rc8 10. Bd6 Be7 11. Bxe7 Nxe7 12. Nc3 O-O 13. Bd3 Ng6 14. Bxg6 hxg6
15. O-O Bc6 16. Ne5 Nd7 17. f4 Qd8 18. Kh1 Nxe5 19. fxe5 Qg5 20. Qd3 f5 21.
exf6 Rxf6 22. Rbe1 Rcf8 23. Rxf6 Rxf6 24. Qg3 Qf4 25. Qxf4 Rxf4 26. Kg1 Kf7 27.
Rf1 Rf6 28. Nd1 e5 29. dxe5 Rxf1+ 30. Kxf1 Ke6 31. Kf2 Kxe5 32. Ne3 Bd7 33. Ke2
Ke4 34. Kf2 b5 35. c3 d4 36. cxd4 Kxd4 37. Ke2 a5 38. Kd2 b4 39. axb4 axb4 40.
Nc2+ Kc4 41. Ne1 Bf5 42. g3 Be4 43. Ke3 Bf5 44. Kd2 Be4 45. h4 Kd4 46. Nc2+
Bxc2 47. Kxc2 Kc4 48. g4 b3+ 49. Kd2 Kd4 50. g5 Kc4 51. Ke3 Kd5 52. Kd3 Kc5 53.
Kc3 Kb6 54. Kxb3 Kb5 55. Kc3 Kc5 56. b3 Kc6 57. Kd4 1-0

[Event "Chigorin Memorial 2008"]
[Site "St. Petersburg RUS"]
[Date "2008.10.08"]
[Round "6.59"]
[White "Kozlov, Mikhail"]
[Black "Guzenko, Artem"]
[Result "0-1"]
[WhiteElo "2025"]
[BlackElo "2121"]
[PlyCount "52"]
[EventDate "2008.10.03"]
[EventType "swiss"]
[EventRounds "9"]
[EventCountry "RUS"]
[Source "lmi"]
[SourceDate "2008.10.03"]

1. Nf3 c5 2. e3 e6 3. d4 Nf6 4. c4 a6 5. Nc3 Qc7 6. Be2 Be7 7. O-O O-O 8. b3 b6
9. Bb2 Bb7 10. Qc2 d6 11. Rac1 Nbd7 12. d5 exd5 13. cxd5 Nxd5 14. Qf5 Nxc3 15.
Bxc3 d5 16. Ng5 g6 17. Qg4 f5 18. Qh4 Rf7 19. Qh6 Bf8 20. Qh3 Re7 21. e4 Qf4
22. Nf3 fxe4 23. Bd2 Qd6 24. Ng5 h6 25. Bg4 hxg5 26. Bxg5 Rh7 0-1

[Event "Chigorin Memorial 2008"]
[Site "St. Petersburg RUS"]
[Date "2008.10.08"]
[Round "6.60"]
[White "Emdin, Mark"]
[Black "Sokolova, Vera"]
[Result "1/2-1/2"]
[WhiteElo "1862"]
[BlackElo "2105"]
[PlyCount "111"]
[EventDate "2008.10.03"]
[EventType "swiss"]
[EventRounds "9"]
[EventCountry "RUS"]
[Source "lmi"]
[SourceDate "2008.10.03"]

1. e4 c5 2. c4 Nc6 3. Nc3 g6 4. g3 Bg7 5. Bg2 Nf6 6. Nge2 O-O 7. O-O d6 8. Rb1
Ne8 9. a3 a5 10. d3 f5 11. f4 Nf6 12. b3 Bd7 13. Bb2 Ng4 14. Qd2 Nd4 15. Ba1
Rb8 16. h3 Nh6 17. a4 Be6 18. Kh2 Qb6 19. Nxd4 Bxd4 20. Nd5 Bxd5 21. exd5 Bxa1
22. Rxa1 Rbe8 23. Rfe1 Nf7 24. Qc3 h6 25. Re6 Kh7 26. Rae1 Qc7 27. Qd2 Nd8 28.
R6e3 Rf7 29. R1e2 Rg7 30. Qe1 Kg8 31. Bf3 Kf8 32. Bh1 Qb6 33. Qc3 Nf7 34. Rf2
Qc7 35. Qe1 Qd7 36. Bg2 Nd8 37. Rfe2 Qc7 38. Bh1 Rf7 39. Rf2 Rg7 40. Rfe2 Rh7
41. Rf2 Qb6 42. Qc3 Qb4 43. Qxb4 axb4 44. Rfe2 b6 45. Bf3 Nb7 46. Re1 Na5 47.
Bd1 Rf7 48. Kg2 Rf6 49. Re6 Kf7 50. Kf3 Nb7 51. g4 Nd8 52. R6e3 Kf8 53. Kg3 Rf7
54. gxf5 gxf5 55. Bh5 Rg7+ 56. Kh2 1/2-1/2

[Event "Chigorin Memorial 2008"]
[Site "St. Petersburg RUS"]
[Date "2008.10.08"]
[Round "6.61"]
[White "Obrezchikov, Mikhail"]
[Black "Androsov, Sergey"]
[Result "0-1"]
[WhiteElo "1986"]
[BlackElo "2078"]
[PlyCount "76"]
[EventDate "2008.10.03"]
[EventType "swiss"]
[EventRounds "9"]
[EventCountry "RUS"]
[Source "lmi"]
[SourceDate "2008.10.03"]

1. d4 Nf6 2. c4 g6 3. Nc3 Bg7 4. e4 O-O 5. Be3 d6 6. f3 Nbd7 7. Qd2 c5 8. Nge2
cxd4 9. Nxd4 Ne5 10. Be2 Nc6 11. O-O Nd7 12. Kh1 Nc5 13. Rad1 Ne6 14. Nc2 a5
15. f4 Nb4 16. a3 Nxc2 17. Qxc2 Bd7 18. Nd5 Bc6 19. f5 Bxd5 20. exd5 Nc5 21.
Rf3 Qb6 22. Bc1 a4 23. h4 Nb3 24. Be3 Nc5 25. Rd2 Qc7 26. Rh3 Qd7 27. Rf3 Ra6
28. h5 Rb6 29. fxg6 hxg6 30. hxg6 f5 31. Bd4 e5 32. dxe6 Qxe6 33. Bxg7 Kxg7 34.
Rd5 Ne4 35. Kg1 Rf6 36. Bd3 Rb3 37. Qe2 b5 38. cxb5 Qxd5 0-1

[Event "Chigorin Memorial 2008"]
[Site "St. Petersburg RUS"]
[Date "2008.10.08"]
[Round "6.63"]
[White "Airumian, Sergey"]
[Black "Bagrunov, Vladimir"]
[Result "1-0"]
[WhiteElo "2070"]
[BlackElo "2020"]
[PlyCount "135"]
[EventDate "2008.10.03"]
[EventType "swiss"]
[EventRounds "9"]
[EventCountry "RUS"]
[Source "lmi"]
[SourceDate "2008.10.03"]

1. e4 e6 2. d4 d6 3. Nc3 g6 4. Nf3 Bg7 5. Be3 b6 6. Qd2 Bb7 7. Bd3 Nd7 8. a4 a6
9. O-O h6 10. h3 Ne7 11. Nh2 Nc6 12. Ne2 e5 13. c3 Na5 14. Qc2 O-O 15. f4 exf4
16. Bxf4 Nf6 17. Ng3 Qe8 18. Bxh6 Bxh6 19. Rxf6 c5 20. Ng4 Bg7 21. d5 Bc8 22.
Rf4 Bxg4 23. Rxg4 c4 24. Be2 Nb3 25. Ra3 b5 26. h4 f5 27. exf5 gxf5 28. Nxf5
Rxf5 29. Qxf5 Qxe2 30. axb5 a5 31. Qe6+ Qxe6 32. dxe6 d5 33. Rg5 d4 34. cxd4
Nxd4 35. Re3 Re8 36. h5 Kh7 37. Rg6 Nxb5 38. Rf3 Nd6 39. Ra3 Bxb2 40. Rxa5 Rc8
41. Ra7+ Kh8 42. Rh6+ Kg8 43. Rg6+ Kh8 44. Rd7 c3 45. e7 c2 46. Rd8+ Kh7 47.
Rxc8 Nxc8 48. Rc6 Nxe7 49. Rxc2 Be5 50. g4 Kh6 51. Re2 Bf6 52. Kg2 Kg5 53. Kf3
Nc6 54. Re8 Ne5+ 55. Kg3 Kh6 56. Kf4 Nf7 57. Re6 Kg7 58. Ra6 Bg5+ 59. Kf5 Be3
60. Rg6+ Kf8 61. Kf6 Bd2 62. Kf5 Nh6+ 63. Ke6 Bc1 64. g5 Ng8 65. h6 Ne7 66. Rg7
Ng8 67. Rf7+ Ke8 68. h7 1-0

[Event "Chigorin Memorial 2008"]
[Site "St. Petersburg RUS"]
[Date "2008.10.08"]
[Round "6.64"]
[White "Atlas, Eduard"]
[Black "Karataev, Oleg"]
[Result "1/2-1/2"]
[WhiteElo "2067"]
[BlackElo "1965"]
[PlyCount "71"]
[EventDate "2008.10.03"]
[EventType "swiss"]
[EventRounds "9"]
[EventCountry "RUS"]
[Source "lmi"]
[SourceDate "2008.10.03"]

1. Nf3 e6 2. g3 f5 3. Bg2 Nf6 4. d3 Be7 5. O-O O-O 6. c4 d6 7. Nc3 e5 8. c5 Nc6
9. cxd6 cxd6 10. e3 d5 11. d4 e4 12. Ne5 Be6 13. f4 Nd7 14. Qe2 Ndxe5 15. fxe5
Nb4 16. Rd1 Nd3 17. Rxd3 exd3 18. Qxd3 a6 19. Bd2 b5 20. Ne2 g5 21. Qb3 Qd7 22.
Rf1 Rac8 23. a3 Rc4 24. Qd3 Rfc8 25. Bh3 Rc2 26. Bc3 Rxe2 27. Qxe2 g4 28. Bg2
Bxa3 29. Qd2 Be7 30. Ra1 Rc6 31. Bb4 Kf7 32. Bxe7 Qxe7 33. Rc1 Qc7 34. Rxc6
Qxc6 35. Bf1 Bd7 36. b4 1/2-1/2

[Event "Chigorin Memorial 2008"]
[Site "St. Petersburg RUS"]
[Date "2008.10.08"]
[Round "6.65"]
[White "Orlov, Anatoly"]
[Black "Frakin, Nikolay"]
[Result "0-1"]
[WhiteElo "2037"]
[BlackElo "1953"]
[PlyCount "114"]
[EventDate "2008.10.03"]
[EventType "swiss"]
[EventRounds "9"]
[EventCountry "RUS"]
[Source "lmi"]
[SourceDate "2008.10.03"]

1. e4 e5 2. Nc3 Nc6 3. Bc4 Nf6 4. d3 Be7 5. Nge2 O-O 6. O-O Na5 7. Ng3 Nxc4 8.
dxc4 d6 9. h3 Be6 10. Qd3 Nd7 11. Be3 Qe8 12. Nb5 Qb8 13. Rad1 Nc5 14. Qe2 c6
15. Nc3 Qc7 16. b4 Nd7 17. Nf5 Bxf5 18. exf5 Nb6 19. Ne4 f6 20. c5 dxc5 21.
Nxc5 Bxc5 22. Bxc5 Rfd8 23. Qe3 Nd5 24. Qb3 Qf7 25. c4 Nb6 26. Rc1 Rd7 27. a4
Rad8 28. Rc3 Nc8 29. b5 cxb5 30. Qxb5 b6 31. Ba3 Nd6 32. Bxd6 Rxd6 33. c5 Rd5
34. Rfc1 Rc8 35. cxb6 Rxc3 36. Rxc3 Rxb5 37. Rc8+ Qf8 38. Rxf8+ Kxf8 39. axb5
axb6 40. Kf1 Ke7 41. Ke2 Kd6 42. Kd3 Kc5 43. Ke4 Kxb5 44. Kd5 Kb4 45. Ke6 b5
46. Kf7 Kc5 47. Kxg7 b4 48. Kxf6 b3 49. Ke7 b2 50. f6 b1=Q 51. f7 Qb7+ 52. Ke6
Qc6+ 53. Kxe5 Qd6+ 54. Kf5 Qg6+ 55. Ke5 Qxf7 56. f4 Qg7+ 57. Ke6 Qxg2 0-1

[Event "Chigorin Memorial 2008"]
[Site "St. Petersburg RUS"]
[Date "2008.10.09"]
[Round "7.3"]
[White "Aleksandrov, Aleksej"]
[Black "Yevseev, Denis"]
[Result "1/2-1/2"]
[WhiteElo "2617"]
[BlackElo "2534"]
[PlyCount "64"]
[EventDate "2008.10.03"]
[EventType "swiss"]
[EventRounds "9"]
[EventCountry "RUS"]
[Source "lmi"]
[SourceDate "2008.10.03"]

1. d4 Nf6 2. c4 g6 3. Nc3 Bg7 4. e4 d6 5. Be2 O-O 6. Bg5 Na6 7. Nf3 h6 8. Bh4
c6 9. O-O g5 10. Bg3 Nh5 11. d5 Nxg3 12. hxg3 e6 13. dxe6 Bxe6 14. Rc1 Qb6 15.
Na4 Qa5 16. a3 Nc5 17. Nc3 Bxc3 18. Rxc3 Nxe4 19. Re3 d5 20. b4 Qd8 21. Nd4 Qf6
22. Bf3 Rad8 23. Nxe6 Qxe6 24. g4 Qf6 25. Qc2 Rfe8 26. Rfe1 Kg7 27. g3 Re6 28.
cxd5 cxd5 29. Bxe4 dxe4 30. Rxe4 Rxe4 31. Qxe4 Rd2 32. Qe3 Ra2 1/2-1/2

[Event "Chigorin Memorial 2008"]
[Site "St. Petersburg RUS"]
[Date "2008.10.09"]
[Round "7.6"]
[White "Levin, Evgeny A"]
[Black "Vorobiov, Evgeny E"]
[Result "1/2-1/2"]
[WhiteElo "2487"]
[BlackElo "2577"]
[PlyCount "45"]
[EventDate "2008.10.03"]
[EventType "swiss"]
[EventRounds "9"]
[EventCountry "RUS"]
[Source "lmi"]
[SourceDate "2008.10.03"]

1. d4 Nf6 2. c4 c5 3. d5 e5 4. Nc3 d6 5. e4 Nbd7 6. g3 a6 7. a4 g6 8. Bg2 Bg7
9. Nf3 Rb8 10. O-O b6 11. Bg5 h6 12. Bd2 O-O 13. Ne1 Ne8 14. Nd3 Nc7 15. Qe2
Qe8 16. Kh1 b5 17. axb5 axb5 18. cxb5 Nxb5 19. Nxb5 Rxb5 20. b4 cxb4 21. Bxb4
Rb6 22. Ra8 Qe7 23. Qa2 1/2-1/2

[Event "Chigorin Memorial 2008"]
[Site "St. Petersburg RUS"]
[Date "2008.10.09"]
[Round "7.7"]
[White "Sjugirov, Sanan"]
[Black "Matlakov, Maxim"]
[Result "1-0"]
[WhiteElo "2549"]
[BlackElo "2490"]
[PlyCount "57"]
[EventDate "2008.10.03"]
[EventType "swiss"]
[EventRounds "9"]
[EventCountry "RUS"]
[Source "lmi"]
[SourceDate "2008.10.03"]

1. e4 c5 2. Nf3 e6 3. d4 cxd4 4. Nxd4 Nc6 5. Nc3 Qc7 6. Be3 Nf6 7. f4 Bb4 8.
Ndb5 Qa5 9. e5 Nd5 10. Bd2 Nxc3 11. bxc3 Bc5 12. c4 Qb6 13. Rb1 O-O 14. Bd3 Be3
15. Rb3 Bxd2+ 16. Qxd2 f5 17. Nd6 Qd8 18. Be2 b6 19. g4 fxg4 20. Rg3 Qh4 21.
Rhg1 Ba6 22. Kd1 g6 23. Rxg4 Qf2 24. h4 Kh8 25. h5 Ne7 26. hxg6 Nxg6 27. Bd3
Qf3+ 28. Kc1 Nxf4 29. Rg8+ 1-0

[Event "Chigorin Memorial 2008"]
[Site "St. Petersburg RUS"]
[Date "2008.10.09"]
[Round "7.9"]
[White "Khuseinkhodzhaev, Muhammad"]
[Black "Yakovich, Yuri"]
[Result "0-1"]
[WhiteElo "2375"]
[BlackElo "2567"]
[PlyCount "54"]
[EventDate "2008.10.03"]
[EventType "swiss"]
[EventRounds "9"]
[EventCountry "RUS"]
[Source "lmi"]
[SourceDate "2008.10.03"]

1. d4 Nf6 2. c4 e6 3. Nc3 Bb4 4. Qc2 O-O 5. a3 Bxc3+ 6. Qxc3 b6 7. Nf3 Bb7 8.
g3 c5 9. dxc5 bxc5 10. Bg2 Qb6 11. O-O Nc6 12. Rd1 Na5 13. Bf4 d5 14. Be5 Ne4
15. Qc2 Nxc4 16. b3 Nxe5 17. Nxe5 Nf6 18. e3 Rfc8 19. Qb2 a5 20. Rab1 Rab8 21.
g4 Qc7 22. Qc3 Ne8 23. g5 Nd6 24. a4 Nf5 25. Rbc1 d4 26. exd4 Bxg2 27. dxc5 Bd5
0-1

[Event "Chigorin Memorial 2008"]
[Site "St. Petersburg RUS"]
[Date "2008.10.09"]
[Round "7.13"]
[White "Eliseev, Alexei"]
[Black "Loginov, Valery A"]
[Result "0-1"]
[WhiteElo "2395"]
[BlackElo "2481"]
[PlyCount "67"]
[EventDate "2008.10.03"]
[EventType "swiss"]
[EventRounds "9"]
[EventCountry "RUS"]
[Source "lmi"]
[SourceDate "2008.10.03"]

1. c4 g6 2. d4 Nf6 3. Nc3 Bg7 4. e4 d6 5. f3 O-O 6. Be3 a6 7. Qd2 Nc6 8. Nge2
Rb8 9. Nd5 Nd7 10. h4 e6 11. Ndc3 b5 12. cxb5 axb5 13. h5 b4 14. Nd1 Na5 15.
Rc1 c5 16. hxg6 fxg6 17. dxc5 dxc5 18. Bg5 Qe8 19. Ne3 Ba6 20. f4 c4 21. e5 Nc5
22. Ng3 Rf7 23. Nxc4 Bxc4 24. Bxc4 Rd7 25. Qe2 Nxc4 26. Rxc4 Nd3+ 27. Kf1 Rc8
28. Rxc8 Qxc8 29. Kg1 h6 30. Bxh6 Qc5+ 31. Kh2 Bxh6 32. Ne4 Bxf4+ 33. g3 Qxe5
34. gxf4 0-1

[Event "Chigorin Memorial 2008"]
[Site "St. Petersburg RUS"]
[Date "2008.10.09"]
[Round "7.14"]
[White "Gorovykh, Eduard"]
[Black "Ponfilenok, Vladimir"]
[Result "1-0"]
[WhiteElo "2390"]
[BlackElo "2440"]
[PlyCount "79"]
[EventDate "2008.10.03"]
[EventType "swiss"]
[EventRounds "9"]
[EventCountry "RUS"]
[Source "lmi"]
[SourceDate "2008.10.03"]

1. e4 e6 2. d4 d5 3. Nc3 Bb4 4. e5 c5 5. a3 Bxc3+ 6. bxc3 Ne7 7. Qg4 O-O 8. Bd3
f5 9. exf6 Rxf6 10. Bg5 Rf7 11. Qh5 g6 12. Qd1 Nbc6 13. Nf3 Qf8 14. Qd2 Rxf3
15. gxf3 cxd4 16. cxd4 Nxd4 17. Qf4 Nxf3+ 18. Ke2 Nxg5 19. Qxg5 e5 20. Qxe5
Bg4+ 21. Kf1 Qf3 22. Rg1 Rf8 23. Qg3 Qf6 24. Rb1 Nf5 25. Qf4 Bh3+ 26. Ke1 Qe6+
27. Kd1 Nd6 28. Qd4 b6 29. Rb3 Bf5 30. Re1 Bg4+ 31. Kd2 Qd7 32. Qxd5+ Kg7 33.
Qd4+ Rf6 34. Kc1 Be6 35. Rc3 Bf7 36. Qe5 b5 37. h4 Qg4 38. Rc6 Qa4 39. h5 Qxa3+
40. Kd1 1-0